000 00453nam a2200181Ia 4500
001 14114
005 20260306164850.0
008 260306t2012||||xx |||||||||||||| ||spa||
041 _aESP
082 _a006.679
_bR75
100 _aRodríguez Morales, Roberto
_eAUT
245 0 _aProcesamiento y análisis digital de imágenes
260 _c2012
300 _a426 páginas :
_c23 cm.
650 _aGEN
654 _aCCC
942 _cLIB
_dJUS
_fJUS
_2ddc
_n
999 _c14114
_d14114